000 00665nam2a22002171 4500
001 v19\rc\2071286
005 20250620041507.0
035 _a(NLR Aleph) 005167178
090 _a5037475
_c5037475
100 _a20081218d1916 |||y0rusy50 ca
101 0 _arus
102 _aRU
105 _ay z |||||
200 0 _aВып. 9
210 _d[1916]
_aБ. м.
461 0 _1001v19\rc\2071277
_12001#$aОтклики$eПолит. журн.$vВып. 9
_95037400
_cПетроград
_dц1915-ц1916
_oПолит. журн.
_tОтклики
_vВып. 9
801 0 _aRU
_bNLR
_gpsbo
801 1 _aRU
_bProSoft-M
_2rusmarc
852 _aNLR
_j37.74.5.47(9)
942 _cBOOK
980 _aNB